000 00414nam a2200157Ia 4500
003 GCL
008 140319s9999 xx 000 0 ara d
040 _aGCL /
_cGCL
082 0 4 _aط
_b371.1
_bف ك
100 1 _aفاروق سلوم
245 1 0 _aكشكول /
_cفاروق سلوم
490 _aسلسلة البراعم
_v0
650 0 4 _aالاطفال
650 0 4 _aتعليم الاطفال
942 _2ddc
_cBK
999 _c44740
_d44740